U.S. Capitals before Washington DC - Statistics

General Stats
  • This quiz has been taken 17 times
  • The average score is 4 of 8
Answer Stats
Hint Answer % Correct
8th Location (NY) New York
93%
2nd Location (MD) Baltimore
86%
7th Location (NJ) Trenton
71%
6th Location (MD) Annapolis
43%
1st Location (PA) Philidelphia
29%
5th Location (NJ) Princeton
21%
3rd Location (PA) Lancaster
14%
4th Location (PA) York
7%
No matching quizzes found
Score Distribution
Percent of People with Each Score
Percentile by Number Answered
Your Score History
You have not taken this quiz